000 01403nam0a22003371 4500
001 RU\INGAK2\INFOCOMM_322\NLR\5000164950
005 20250625202839.0
035 _a(NLR Aleph) 011036108
090 _a11132405
_c11132405
100 _a20130209d1984 |||y0rusy50 ca
101 0 _aeng
102 _aRU
105 _ay z||||
200 1 _aThe theory for Higgs boson search in ϒ-meson desay
_fA. S. Losev, M. I. Vysotsky
210 _aM.
_cИн-т теорет. и экперим. физики
_d1984
215 _a13 с.
_cсхем.
_d20 см
225 1 _aInst. of theoretical and experimental physics
_vITEP-22
300 _aВ вып. дан.: Теоретические основания для поиска хиггсовского бозона в распаде ϒ-мезона / А. С. Лосев, М. И. Высоцкий
320 _aБиблиогр.: с. 13
517 1 _aТеоретические основания для поиска хиггсовского бозона в распаде ϒ-мезона
_zrus
606 0 _aБозоны Хиггса
_2nlr_sh1
620 _aМосква
686 _aВ382.42
_2rubbk
700 1 _aLosev
_bA. S.
701 1 _9z01790
_aVysockij
_bM. I.
_gMichail Iosifovič
790 1 _9z01701
_aVysotsky
_bM. I.
_4070
801 1 _aRU
_bInfoComm
_c20130209
801 0 _aRU
_bNLR
_gPSBO
852 _aNLR
_jФз01 Д-4/4253
942 _cBOOK
980 _aNB